Media: hindi aur patrkarita (Record no. 123238)
[ view plain ]
| 000 -LEADER | |
|---|---|
| fixed length control field | 00743nam a2200241Ia 4500 |
| 003 - CONTROL NUMBER IDENTIFIER | |
| control field | OSt |
| 005 - DATE AND TIME OF LATEST TRANSACTION | |
| control field | 20260409092807.0 |
| 008 - FIXED-LENGTH DATA ELEMENTS--GENERAL INFORMATION | |
| fixed length control field | 210210b2014 xxu||||| |||| 00| 0 eng d |
| 020 ## - INTERNATIONAL STANDARD BOOK NUMBER | |
| International Standard Book Number | 97893831710206 |
| 040 ## - CATALOGING SOURCE | |
| Transcribing agency | AL |
| 041 ## - LANGUAGE CODE | |
| Language code of text/sound track or separate title | Hindi |
| 082 ## - DEWEY DECIMAL CLASSIFICATION NUMBER | |
| Classification number | H891.8 MAHM |
| 100 ## - MAIN ENTRY--PERSONAL NAME | |
| Personal name | MAHAN (Arif) |
| Dates associated with a name | महान (आरिफ) |
| 9 (RLIN) | 255340 |
| 245 ## - TITLE STATEMENT | |
| Title | Media: hindi aur patrkarita |
| Remainder of title | मीडिया : हिंदी और पत्रकारिता |
| 260 ## - PUBLICATION, DISTRIBUTION, ETC. | |
| Place of publication, distribution, etc. | Kanpur |
| Name of publisher, distributor, etc. | - |
| Date of publication, distribution, etc. | 2014 |
| 300 ## - PHYSICAL DESCRIPTION | |
| Extent | 136 |
| 650 ## - SUBJECT ADDED ENTRY--TOPICAL TERM | |
| Topical term or geographic name entry element | patrkarita |
| 9 (RLIN) | 255341 |
| 650 ## - SUBJECT ADDED ENTRY--TOPICAL TERM | |
| Topical term or geographic name entry element | Journalism |
| 9 (RLIN) | 255342 |
| 690 ## - LOCAL SUBJECT ADDED ENTRY--TOPICAL TERM (OCLC, RLIN) | |
| Topical term or geographic name as entry element | Hindi Miscellaneous |
| 9 (RLIN) | 255345 |
| 700 ## - ADDED ENTRY--PERSONAL NAME | |
| Personal name | TAHASILDAR (Rashid) Ed |
| 9 (RLIN) | 255346 |
| Dates associated with a name | तहसीलदार (रशीद) |
| 906 ## - LOCAL DATA ELEMENT F, LDF (RLIN) | |
| a | 073342 |
| 942 ## - ADDED ENTRY ELEMENTS (KOHA) | |
| Source of classification or shelving scheme | Dewey Decimal Classification |
| Koha item type | Book |
| Withdrawn status | Lost status | Source of classification or shelving scheme | Damaged status | Not for loan | Collection code | Home library | Current library | Shelving location | Date acquired | Source of acquisition | Cost, normal purchase price | Total Checkouts | Full call number | Barcode | Date last seen | Price effective from | Koha item type |
|---|---|---|---|---|---|---|---|---|---|---|---|---|---|---|---|---|---|
| Dewey Decimal Classification | Hindi | St Aloysius Library | St Aloysius Library | 02/17/2021 | Alka Prakashan Kanpur-208007 | 350.00 | H891.8 MAHM | 073342 | 02/17/2021 | 02/17/2021 | Book |